| 000 | 01145nam a22002777a 4500 | ||
|---|---|---|---|
| 005 | 20101206113148.0 | ||
| 008 | 101206t xxu||||| |||| 00| 0 hin d | ||
| 010 | _aHIN-93241 | ||
| 020 |
_c250.00 _a8188913316 |
||
| 035 | _aHN-65587 | ||
| 037 | _bDBAD/PUB | ||
| 040 |
_aDPL _bHN |
||
| 082 | _a615.852 | ||
| 100 |
_924598 _aझा, भीम कुमार |
||
| 245 |
_aअनुभूत चिकित्सा सूत्रः _cभीम कुमार झा _bरोग एक नाम अनेक सहित में / |
||
| 246 |
_aanubhoot Chikitsa-Sutra _bby Bhim Kumar Jha |
||
| 260 |
_aदिल्ली _bग्रंथ सदन _c2011 |
||
| 270 |
_bदिल्ली _a27/109-ए/3, ज्वाला नगर _e110032 |
||
| 300 |
_a165पृ. _c22सेमी (अजिल्द) |
||
| 650 | _91169 | ||
| 650 | _929580 | ||
| 700 | _924599 | ||
| 700 | _924924 | ||
| 942 |
_2ddc _cHN _mझाभीम _h615.852 |
||
| 999 |
_c53959 _d53959 |
||